00705 a2200217 4500003000500000005001700005010001600022020001500038035002000053040000900073082001600082245005500098260004000153300003900193505013000232650002700362650002800389700002300417700002100440700002600461Nust20221221104457.0 a 95079140 a0669332003 a(OCoLC)35096349 cNust00a320.917,PYE00aAspects of Political Development / cLucian W. Pye aLahorebAllah Wala Printerscc1996. axiii, 205 p;bill., maps ;c24 cm. aPART-1: The General Issues of Political Development (Page-3), PART-II: Particular Issues in Political Development (Page-71). 0aComparative economics. 0aComparative government.1 aJoseph, William A.1 aKesselman, Mark.1 aKrieger, Joel,d1951-